| 000 | 00714cam a2200181 4500 | ||
|---|---|---|---|
| 001 | X103893 | ||
| 008 | 000000n2000 000 0 eng u | ||
| 035 | _a(Sirsi) u103893 | ||
| 245 | _aBuckland SoS Environment | ||
| 260 | _c2000 | ||
| 490 |
_aNew Property Cases _v[2000] NPC 3(16/01/00) |
||
| 520 | _aQBD 11 January 2000. Failure of Inclosure Commissioners to comply with an Act of 1797 leads to the quashing of a decision that a byway is a Byway Open to All Traffic. DO NOT PHOTOCOPY. | ||
| 650 | _aBUCKLAND AND ANOTHER V SOS ENVIRONMENT, TRANSPORT AND THE REGIONS AND ANOTHER | ||
| 650 | _aBOAT | ||
| 650 | _aBYWAYS | ||
| 690 | _aENVIRONMENTAL AND LAND CONSULTANCY-PLANNING AND DEVELOPMENT | ||
| 942 | _n0 | ||
| 999 |
_c62362 _d62362 |
||